000 00700nam a2200217Ii 4500
003 JO-AjNU
008 230605s9999||||xx |||||||||||||| ||und||
017 _a2012/11/4292
020 _a978-9957-94-017-1
040 _aJO-AjNU
_bara
_erda
_cJO-AjNU
041 _aara
050 1 4 _aZ6958 2013
100 3 _aاعداد وتقديم ابو البن ، زياد,
_eauthor
_948208
245 0 0 _aكشاف منشورات وزارة الثقافة 1966-2011
264 3 1 _aعمان :وزارة الثقافة ،2013
300 _a676ص
336 _atext
_btxt
_2rdacontent
337 _aunmediated
_bn
_2rdamedia
338 _avolume
_bnc
_2rdacarrier
650 4 _aكشاف-ببلوغرافيا
_948209
999 _aA21096
_c24664
_d24664